| 000 | 00619nam a22002057a 4500 | ||
|---|---|---|---|
| 005 | 20230329112123.0 | ||
| 008 | 230310b fr ||||| |||| 00| 0 fre d | ||
| 020 | _a2729899073 | ||
| 050 | 0 | 4 |
_aP92.A35 _bT83 1999 |
| 100 | 1 | _aTudesq, André-Jean | |
| 245 | 1 | 4 |
_aLes medias en Afrique _c / André-Jean, Tudesq. |
| 250 | _a1a ed. | ||
| 260 |
_aParis : _bMarketing, _c1999 |
||
| 300 |
_a160 p. : _bil. ; _c24 cm. |
||
| 490 | 0 | _aInfocom | |
| 504 | _aBibliografía : p. 152-154 | ||
| 651 | 7 |
_2lemb _aAfrica _xMedios de comunicación de masas |
|
| 651 | 7 |
_2lemb _aAfrica _xMedios de comunicación masiva |
|
| 942 |
_2lcc _cLIB |
||
| 999 |
_c60825 _d60825 |
||